LEADER 01021cam0-2200349---450- 001 990005888090403321 005 20141028115206.0 010 $a3-520-42002-3 035 $a000588809 035 $aFED01000588809 035 $a(Aleph)000588809FED01 035 $a000588809 100 $a20000421d1993----km-y0itay50------ba 101 0 $ager 102 $aDE 105 $a--------001yy 200 1 $aLexikon Literarischer Gestalten$eDeutschsprachige Literatur$fAnnemarie und Wolfgang van Rinsum 205 $a2. durchges. Aufl. 210 $aStuttgart$cKröner$d1993 215 $aIX, 531 p.$d18 cm 225 1 $aKröners Taschenausgabe$v420 610 0 $aLetteratura tedesca$aDizionari 676 $a830.3 700 1$aRinsum,$bAnnemarie Van$0224195 702 1$aRinsum,$bWolfgang Van 801 0$aIT$bUNINA$gRICA$2UNIMARC 901 $aBK 912 $a990005888090403321 952 $a830.3 RIN 1$bBibl.31349$fFLFBC 959 $aFLFBC 996 $aLexikon literarischer Gestalten$9172235 997 $aUNINA LEADER 01184nam--2200373---450- 001 990006032510203316 005 20150514131359.0 035 $a000603251 035 $aUSA01000603251 035 $a(ALEPH)000603251USA01 035 $a000603251 100 $a20150428d1975----km-y0itay50------ba 101 $aita 102 $aIT 105 $a||||||||001yy 200 1 $a<> De bono mortis di S. Ambrogio$eil silenzio delle parole e le parole del silenzio$fEnzo Cocco 210 $aNapoli$cGiannini$d1975 215 $a24 p.$d24 cm 300 $aGiŕ pubblicato in: Atti dell'Accademia Pontaniana, nuova serie, vol. 24 600 0 $aAmbrogio . De bono mortis$2BNCF 606 0 $2BNCF 676 $a236.1 700 1$aCOCCO,$bEnzo$0545926 801 0$aIT$bsalbc$gISBD 912 $a990006032510203316 951 $aFC.OE. 92$b145 FCil$cFC.OE.$d369782 951 $aFC.OE. 92 a$b307 FCil$cFC.OE.$d375920 959 $aBK 969 $aFCIL 979 $aGENEROSO$b90$c20150428$lUSA01$h1428 979 $aGENEROSO$b90$c20150428$lUSA01$h1434 979 $aGENEROSO$b90$c20150514$lUSA01$h1313 996 $aDe bono mortis di S. Ambrogio$91075424 997 $aUNISA LEADER 05117nam 2200469 450 001 9910479966103321 005 20200319171357.0 010 $a1-62623-217-2 035 $a(CKB)4100000007123229 035 $a(MiAaPQ)EBC5579886 035 $a(EXLCZ)994100000007123229 100 $a20181212d2019 uy 0 101 0 $aeng 135 $aurcnu|||||||| 181 $ctxt$2rdacontent 182 $cc$2rdamedia 183 $acr$2rdacarrier 200 00$aOperative Cranial Neurosurgical Anatomy$b[electronic resource] /$fFilippo Gagliardi [and three others] 210 1$aNew York :$cThieme Medical Publishers,$d©2019. 215 $a1 online resource (xviii, 342 pages) $ccolor illustrations 225 1 $aThieme clinical collection 311 $a1-62623-216-4 320 $aIncludes bibliographical references and index. 327 $aPart I Presurgical Training: Training Models in Neurosurgery -- Assessment of Surgical Exposure -- Part II Planning, Patient Positioning, and Basic Techniques: Anatomical Landmarks and Cranial Anthropometry -- Presurgical Planning By Images -- Patient Positioning -- Fundamentals of Cranial Neurosurgery -- Skin Incisions, Head and Neck Soft-Tissue Dissection -- Techniques of Temporal Muscle Dissection -- Intraoperative Imaging -- Part III Cranial Approaches: Precaruncular Approach to the Medial Orbit and Central Skull Base -- Supraorbital Approach -- Trans-Ciliar Approach -- Lateral Orbitotomy -- Frontal and Bifrontal Approach -- Frontotemporal and Pterional Approach -- Mini-Pterional Approach -- Combined Orbito-Zygomatic Approaches -- Midline Interhemispheric Approach -- Temporal Approach and Variants -- Intradural Subtemporal Approach -- Extradural Subtemporal Transzygomatic Approach -- Occipital Approach -- Supracerebellar Infratentorial Approach -- Endoscopic Approach to Pineal Region -- Midline Suboccipital Approach -- Retrosigmoid Approach -- Endoscopic Retrosigmoid Approach -- Far Lateral Approach and Principles of Vertebral Artery Mobilization -- Trans-Frontal-Sinus Subcranial Approach -- Transbasal and Extended Subfrontal Bilateral Approach -- Trauma Flap and Osteo-Dural Decompression Techniques -- Surgical Anatomy of the Petrous Bone -- Part IV Transpetrosal Approaches: Anterior Petrosectomy -- Presigmoid Retrolabyrinthine Approach -- Translabyrinthine and Transcochlear Transpetrosal Approach -- Translabyrinthine and Transcochlear Transpetrosal Approach: Nasal Surgical Anatomy -- Microscopic Endonasal and Sublabial Approach -- Endoscopic Endonasal Transphenoidal Approach -- Expanded Endoscopic Endonasal Approach -- Endoscopic Endonasal Modified Lothrop Approach to Anterior Cranial Fossa -- Endoscopic Endonasal Odontoidectomy -- Endoscopic Transoral Approach -- Transmaxillary Approaches -- Transmaxillary Transpterygoid Approach -- Endoscopic Endonasal Transclival Approach with Transcondylar Extension -- Endoscopic Endonasal Transmaxillary Approach to the Vidian Canal and Meckel's Cave -- Part VI Vascular Procedures: Superficial Temporal Artery ? Middle Cerebral Artery Bypass -- High Flow Bypass (Common Carotid Artery ? Middle Cerebral Artery) -- Middle Cerebral Artery ? Internal Maxillary Artery Bypass -- Part VII Ventricular Shunts Procedures: Anthropometry for Ventricular Puncture -- Ventricular-Peritoneal Shunt -- Endoscopic Septostomy --Endoscopic Septostomy -- Endoscopic Third Ventriculostomy and Biopsy of Pineal Region 330 $aEssential procedural aspects are discussed in 53 chapters, starting with sections on pre-surgical training and planning, patient positioning, and basic techniques. Subsequent sections detail cranial approaches; transpetrosal approaches; endonasal, transoral, and transmaxillary procedures; vascular procedures; and ventricular shunts procedures. Surgical technique fundamentals and basic variants, including surgical anatomy and landmarks, are highlighted in 500 figures and illustrations.Key features: Summaries, graphics, and schematic drawings provide immediate access to salient information to utilize during surgical dissections and for surgical preparation; A wide spectrum of cranial procedures covered in 23 chapters ? from the precaruncular approach to the medial orbit and central skull base ? to surgical anatomy of the petrous bone; Diverse endonasal procedures including sublabial, transphenoidal, modified lothrop, odontoidectomy, and endoscopic endonasal transmaxillary; Vascular procedures such as middle cerebral artery bypass and internal maxillary artery bypass. -- Publisher 410 0$aThieme clinical collection. 606 $aNeurosurgical Procedures 606 $aSkull$xsurgery 606 $aSkull$xanatomy & histology 608 $aElectronic books. 615 2$aNeurosurgical Procedures. 615 2$aSkull$xsurgery. 615 2$aSkull$xanatomy & histology. 676 $a617.5/14 702 $aGagliardi$b Filippo 801 0$bMiAaPQ 801 1$bMiAaPQ 801 2$bMiAaPQ 906 $aBOOK 912 $a9910479966103321 996 $aOperative Cranial Neurosurgical Anatomy$92271328 997 $aUNINA